000 00757 a2200181 4500
003 Nust
005 20170207153214.0
040 _cNust
082 _a621.382
100 _aNazir, Arshad ( MSEE-3)
245 _aGround vehicle navigation system using flux-gate compass
_cArshad Nazir
260 _bMCS, (NUST)
_c1999
_aRawalpindi
300 _aviii, 66,p.
505 _aGround vehicle navigation system (page-1) Dead-reckoning sensorss and global positioning system (page-8) Functional block diagram and system hardware description (page-21) The 8051 microprocessor architectural Overview (page-340 Research and development work (page-43) Conclusiion and future work (page-56)
538 _aAlmirah No. 69 Shelf No. 2
650 _aMS Thesis
651 _aMSEE-3
942 _cTHS
999 _c181508
_d181508